Materiály I návody na cvičenia

Bibliographic Details
Main Authors: Bokůvka, Otakar, 1945- (Author), Konečná, Radomila, 1953- (Author), Tillová, Eva, 1966- (Author), Skočovský, Petr, 1939- (Author)
Format: Book
Language:Slovak
PhysicalDescription:86 strán fotografie, obrázky, tabuľky 30 cm
Published: Žilina Žilinská univerzita v Žiline, EDIS-vydavateľstvo UNIZA 2022
ISBN:9788055418582
Edition:Vydanie tretie
Subjects:

MARC

LEADER 00000cam a2200000 4500
001 vtls012129896
003 SK-MaSNL
005 20260302062250.0
008 220405s2022 xo oal frp 000 0 slo
015 |a SNBA2022/12 
020 |a 9788055418582  |q (brožované) 
040 |a SNK  |b slo  |c SNK  |e rda 
041 0 |a slo 
044 |a xo  |c SK 
072 7 |a 620.1/.2  |x Náuka o materiáli  |2 konspekt 
072 7 |a 37.016  |x Učebné osnovy. Vyučovacie predmety. Učebnice  |2 konspekt 
080 |a 620.2  |2 2011 
080 |a 620.2-034  |2 2011 
080 |a (075.8)  |2 2011 
080 |a (076.5)  |2 2011 
100 1 |a Bokůvka, Otakar,  |d 1945-  |4 aut  |9 196729 
245 1 0 |a Materiály I  |b návody na cvičenia  |c Otakar Bokůvka, Radomila Konečná, Eva Tillová, Petr Skočovský 
250 |a Vydanie tretie 
264 1 |a Žilina  |b Žilinská univerzita v Žiline, EDIS-vydavateľstvo UNIZA  |c 2022 
300 |a 86 strán  |b fotografie, obrázky, tabuľky  |c 30 cm 
336 |a text  |b txt  |2 rdacontent 
337 |a bez média  |b n  |2 rdamedia 
338 |a zväzok  |b nc  |2 rdacarrier 
366 |e 100 kusov 
650 0 7 |a materiály  |2 SNKPH  |9 1041 
650 0 7 |a kovové materiály  |2 SNKPH  |9 1053 
650 0 7 |a Materials  |2 SNKPHeng  |9 266883 
650 0 7 |a Metal materials  |2 SNKPHeng  |9 274716 
655 7 |a učebnice vysokých škôl  |2 SNKPH  |9 70191 
655 7 |a praktické cvičenia  |2 SNKPH  |9 70517 
655 7 |a Textbooks (higher)  |2 SNKPHeng  |9 276436 
655 7 |a Problems, exercises, etc.  |2 SNKPHeng  |9 278342 
700 1 |a Konečná, Radomila,  |d 1953-  |4 aut  |9 224241 
700 1 |a Tillová, Eva,  |d 1966-  |4 aut  |9 224242 
700 1 |a Skočovský, Petr,  |d 1939-  |4 aut  |9 224243 
710 2 |a Žilinská univerzita v Žiline.  |b Strojnícka fakulta  |4 pbl  |9 121284 
852 |a Štátna vedecká knižnica v Banskej Bystrici 
919 |a 978-80-554-1858-2 
954 |a odborná, vedecká literatúra pôvodná (slovenská)  |2 lita 
999 |c 1128639  |d 1130569 
952 |a SNK  |b SNK  |y PREZ  |7 0  |p 17A1514861  |o snkSB 98594  |i snk2022/16787  |8 0  |0 0  |1 0  |4 0  |d 2022-11-07  |f 1  |l 0  |r 2025-05-19 00:00:00  |w 2026-02-24